000 00509nam a22001697a 4500
005 20251108164928.0
008 250721s1988 xx 000 0 ara d
082 1 4 _a810.09/جيد
100 1 _aجيده، عبد الحميد
245 1 0 _aفي قضايا النقد الأدبي الحديث /
264 1 _aطرابلس (لبنان) :
_bدار الشمال،
_c1988.
300 _a200ص.
650 1 7 _aالأدب العربي
650 1 7 _aالنقد الأدبي
942 _2ddc
_cBK
999 _c17661
_d17661